What Exit Are You? - New Jersey Quiz Stats

Quiz not verified by Sporcle

Challenge
Share
Tweet
Embed
Score 0/134 Timer 12:00
0 Plays Today
Highway Location % Correct
Garden State ParkwayAtlantic City
89.9%
Garden State Parkway Trenton/Newark
89.1%
New Jersey TurnpikeNewark
88.4%
Garden State ParkwayNJ Turnpike
87.6%
Garden State ParkwayIrvington
87.6%
Garden State ParkwayHarrison
87.6%
New Jersey TurnpikeNewark Airport
87.6%
New Jersey TurnpikeThe Oranges
87.6%
Garden State ParkwayPleasantville
86%
Garden State ParkwayNewark
86%
New Jersey TurnpikeNewark
86%
Garden State ParkwayAbsecon
85.3%
New Jersey TurnpikeMount Laurel
83.7%
New Jersey TurnpikeRunnemede
82.2%
Atlantic City ExpresswayParkway South
82.2%
Garden State ParkwayCape May
80.6%
New Jersey TurnpikeTrenton
80.6%
Atlantic City ExpresswayBrigantine
80.6%
Atlantic City ExpresswayAtlantic City
79.8%
Garden State ParkwayWildwood
76%
Garden State ParkwayNorth Wildwood
76%
Garden State ParkwayTuckerton
74.4%
New Jersey TurnpikeWoodbridge
74.4%
Garden State Parkway Roselle Park
73.6%
Garden State ParkwaySomerville
73.6%
Garden State Parkway Long Branch
72.9%
New Jersey TurnpikeBordentown
72.9%
New Jersey TurnpikeHolland Tunnel
72.9%
Atlantic City ExpresswayHammonton
72.9%
New Jersey TurnpikeBayonne
72.1%
New Jersey TurnpikeJersey City
71.3%
Garden State Parkway Fords
70.5%
Garden State ParkwayKenilworth
70.5%
Garden State ParkwayMorristown
70.5%
Atlantic City ExpresswayEgg Harbor City
70.5%
Garden State ParkwayWaretown
69.8%
Garden State ParkwayPaterson
69.8%
Garden State ParkwayUnion Township
69%
Garden State ParkwayUnion
69%
New Jersey TurnpikeLincoln Tunnel
69%
Garden State ParkwayStone Harbor
68.2%
New Jersey TurnpikePerth Amboy
68.2%
Garden State ParkwayPassaic
66.7%
New Jersey TurnpikeFlorence
66.7%
New Jersey TurnpikeNew Brunswick
65.9%
Highway Location % Correct
Garden State ParkwayCape May Court House
65.1%
Garden State ParkwaySaddle Brook
65.1%
Garden State Parkway South Amboy
64.3%
Garden State ParkwayNorthfield
63.6%
New Jersey TurnpikeElizabeth
63.6%
New Jersey TurnpikeMeadowlands
63.6%
Atlantic City ExpresswayEgg Harbor Township
63.6%
Garden State Parkway Iselin
62.8%
Garden State ParkwayParamus
62.8%
New Jersey TurnpikeFlorence
62.8%
Garden State ParkwaySeaside Heights
62%
Garden State Parkway Outerbridge Crossing
62%
Garden State ParkwayGarfield
62%
Garden State Parkway Iselin
61.2%
New Jersey TurnpikeLincoln Tunnel
60.5%
Garden State Parkway Woodbridge Township
59.7%
Garden State ParkwayNutley
59.7%
Garden State ParkwayFair Lawn
59.7%
Garden State ParkwayOcean City
58.9%
Garden State ParkwayAvalon
58.9%
Garden State ParkwayEast Orange
58.1%
Atlantic City ExpresswayParkway North
58.1%
Garden State ParkwayLakehurst Road
57.4%
Garden State ParkwayHo-Ho-Kus
57.4%
Garden State ParkwaySouth Toms River
56.6%
Garden State ParkwayToms River
56.6%
Garden State Parkway South Amboy
56.6%
Garden State Parkway South Amboy
56.6%
New Jersey TurnpikeBurlington
56.6%
Garden State ParkwayLittle Falls
55.8%
Garden State ParkwayClifton - Hazel Street
55.8%
Garden State ParkwayClifton - River Drive
55.8%
Garden State Parkway Linden
55%
New Jersey TurnpikeHightstown
55%
Garden State ParkwayCape May County Park & Zoo
54.3%
Garden State ParkwayRidgewood
54.3%
Garden State Parkway Ocean Grove
53.5%
Garden State ParkwayMaplewood
53.5%
Garden State ParkwayMahwah
53.5%
Garden State ParkwayWashington Township
52.7%
Garden State Parkway Red Bank
51.9%
New Jersey TurnpikeCarteret
51.2%
New Jersey TurnpikeSecaucus Junction
51.2%
Garden State ParkwaySomers Point
50.4%
Garden State ParkwayForked River
50.4%
Highway Location % Correct
Garden State Parkway Brick Township
50.4%
Garden State Parkway Brick Township
50.4%
Garden State Parkway Sayreville
50.4%
Garden State ParkwayUpper Saddle River
50.4%
Garden State Parkway Asbury Park
49.6%
Garden State ParkwaySpringfield
49.6%
New Jersey TurnpikeMonroe
49.6%
Atlantic City ExpresswaySicklerville
49.6%
Garden State Parkway Aberdeen
48.1%
Garden State ParkwayMontvale
48.1%
Atlantic City ExpresswayAbsecon
47.3%
Garden State ParkwayBelleville
46.5%
Garden State ParkwayTuckahoe
45.7%
Garden State Parkway Edison
45.7%
Garden State ParkwayManahawkin
45%
Garden State ParkwayBloomfield
44.2%
New Jersey TurnpikeGeorge Washington Bridge
44.2%
Garden State Parkway Lakehurst
43.4%
Garden State Parkway Lakewood
42.6%
Garden State Parkway Holmdel
42.6%
Garden State Parkway Old Bridge
41.9%
Garden State ParkwayHillside
41.9%
Atlantic City ExpresswayBerlin
41.9%
Garden State Parkway Hazlet
41.1%
Garden State Parkway PNC Bank Arts Center
39.5%
Garden State Parkway Clark
39.5%
New Jersey TurnpikeDelaware Memorial Bridge
34.9%
Atlantic City ExpresswayNorthfield
34.9%
Atlantic City ExpresswayMays Landing
34.1%
Atlantic City ExpresswayBlue Anchor
34.1%
Atlantic City ExpresswayWilliamstown
34.1%
Atlantic City ExpresswayAtlantic City Race Track
32.6%
Garden State ParkwaySomers Point
31.8%
Atlantic City ExpresswayWinslow
31.8%
Garden State ParkwayNew Gretna
31%
Garden State ParkwayBass River Township
31%
Garden State ParkwayBarnegat
31%
New Jersey TurnpikeGlassboro
31%
Garden State ParkwaySea Isle City
30.2%
Garden State ParkwayGalloway Township
30.2%
Garden State ParkwayPomona
30.2%
Garden State ParkwayBerkeley
27.9%
Garden State ParkwayPort Republic
19.4%
Garden State ParkwayBloomfield Township
8.5%

You're not logged in!

Compare scores with friends on all Sporcle quizzes.
Sign Up with Email
OR
Log In

You Might Also Like...

Show Comments

Extras

Top Quizzes Today


Score Distribution

Your Account Isn't Verified!

In order to create a playlist on Sporcle, you need to verify the email address you used during registration. Go to your Sporcle Settings to finish the process.